Le mari ambitieux, ou L'homme qui veut faire son chemin : comédie en cinq actes, et en vers /
Saved in:
| Main Author: | |
|---|---|
| Corporate Authors: | , |
| Other Authors: | |
| Format: | Book |
| Language: | French |
| Published: |
A Paris :
Chez Huet, libraire ... Ravinet, libraire ... Charon, libraire ...,
an XI [1802 or 1803]
|
| Subjects: | |
| Tags: |
Add Tag
No Tags, Be the first to tag this record!
|
| LEADER | 01927nam a2200385Ma 4500 | ||
|---|---|---|---|
| 001 | 003473207-1 | ||
| 005 | 20020606093309.7 | ||
| 008 | 911018q18021803fr 000 0 fre | ||
| 010 | |a 33038816 | ||
| 035 | 0 | |a ocm26637976 | |
| 040 | |a DLC |c PAU |d HLS | ||
| 043 | |a e-fr--- | ||
| 050 | 0 | |a PQ2381 |b .M34 | |
| 100 | 1 | |a Picard, L.-B. |q (Louis-Benoît), |d 1769-1828. | |
| 245 | 1 | 3 | |a Le mari ambitieux, ou L'homme qui veut faire son chemin : |b comédie en cinq actes, et en vers / |c par L.B. Picard : représentée, pour la première fois, sur le théâtre de Louvois, par les comédiens de l'Odéon, le 24 vendémiaire an 11. |
| 246 | 3 | |a Mari ambitieux. | |
| 246 | 3 | |a Homme qui veut faire son chemin. | |
| 260 | |a A Paris : |b Chez Huet, libraire ... Ravinet, libraire ... Charon, libraire ..., |c an XI [1802 or 1803] | ||
| 300 | |a [2], 82 p. ; |c 19 cm. (8vo) | ||
| 500 | |a Colophon: De l'imprimerie de Migneret ... | ||
| 500 | |a Signatures: pi1 A-E⁸ F1. | ||
| 510 | 4 | |a Cioranescu, A. 18. s., |c 49867 | |
| 650 | 0 | |a French drama |y 19th century. | |
| 655 | 7 | |a Comedies |z France |y 19th century. |2 rbgenr | |
| 655 | 7 | |a Plays |z France |y 19th century. |2 rbgenr | |
| 700 | 1 | |a Huet, L.-C., |d active 1792-1807, |e bookseller. | |
| 700 | 1 | |a Ravinet, |e bookseller. | |
| 700 | 1 | |a Charon, François, |d active 1790-1821, |e bookseller. | |
| 700 | 1 | |a Migneret, Mathieu, |d 1743-1814, |e printer. | |
| 710 | 2 | |a Théâtre Louvois. | |
| 710 | 2 | |a Odéon (Theater : Paris, France) | |
| 752 | |a France |d Paris. | ||
| 776 | 0 | 8 | |i Online version: |a Picard, L.-B. (Louis-Benoît), 1769-1828. |t Mari ambitieux, ou, L'homme qui veut faire son chemin. |d A Paris : Chez Huet, libraire, rue Vivienne, no 8 : [Chez] Ravinet, libraire, rue Froidmanteau, no 180 : [Chez] Charon, libraire, passage Feydeau, an XI [1802 or 1803] ([Paris] : De l'imprimerie de Migneret, rue de Sépulcre, F.S.-G., no 28, an XI [1802 or 1803]) |w (OCoLC)874771859 |
| 988 | |a 20020608 | ||
| 906 | |0 DLC | ||


